| 000 | 01304nam a22002417a 4500 | ||
|---|---|---|---|
| 003 | OSt | ||
| 005 | 20180927091743.0 | ||
| 008 | 180220b xxu||||| |||| 00| 0 spa d | ||
| 020 | _a9505690533 | ||
| 040 | _cPJ | ||
| 100 |
_92386 _aGonzález, Atilio Carlos |
||
| 245 | 1 | 3 |
_aLa intervención voluntaria de terceros en el proceso / _cAtilio Carlos González; prólogo de Carlos E. Finochietto. |
| 260 |
_aBuenos Aires : _cÁbaco de Rodolfo Depalma, _b1994. |
||
| 300 |
_a113 p. _c23 cm. |
||
| 500 | _aNotas y citas bibliográficas a pie de página. | ||
| 504 | _aBibliografía: p. 109-113. | ||
| 505 | _aContenido: Introducción al tema -- La intervención voluntaria de terceros --La intervención principal o excluyente -- La intervención adhesiva simple, dependiente o coadyuvante -- La intervención adhesiva autónoma o litisconsorcial -- Sístesis acomparativa entre los upuestos de intervención de terceros principal y adhesiva -- Supuesto atípico de formación del litisconsorcio facultativo -- La regulación legislativa de la intervención voluntaria de terceros. | ||
| 650 | 0 |
_91148 _aDERECHO PROCESAL CIVIL |
|
| 650 | 0 |
_92362 _aPARTES DEL PROCESO |
|
| 650 | 0 |
_92363 _aINTERVENCIÓN DE TERCEROS |
|
| 700 |
_92387 _aFinochietto, Carlos E. |
||
| 942 |
_2udc _cLIB _h347.921.3 _iGON |
||
| 999 |
_c1564 _d1564 |
||